The World Book dictionary. (Record no. 5788)
[ view plain ]
| 000 -LEADER | |
|---|---|
| fixed length control field | 00841cam a2200241 a 4500 |
| 001 - CONTROL NUMBER | |
| control field | 12783800 |
| 005 - DATE AND TIME OF LATEST TRANSACTION | |
| control field | 20161119133558.0 |
| 008 - FIXED-LENGTH DATA ELEMENTS--GENERAL INFORMATION | |
| fixed length control field | 020521s2003 ilua d 000 0 eng |
| 010 ## - LIBRARY OF CONGRESS CONTROL NUMBER | |
| LC control number | 2002069954 |
| 020 ## - INTERNATIONAL STANDARD BOOK NUMBER | |
| International Standard Book Number | 0716602997 |
| 040 ## - CATALOGING SOURCE | |
| Original cataloging agency | DLC |
| Transcribing agency | DLC |
| Modifying agency | DLC |
| 050 00 - LIBRARY OF CONGRESS CALL NUMBER | |
| Classification number | PE1625 |
| Item number | .W73 2003 |
| 082 00 - DEWEY DECIMAL CLASSIFICATION NUMBER | |
| Classification number | DRef 423 |
| Edition number | 2003 |
| Item number | W89 |
| 245 04 - TITLE STATEMENT | |
| Title | The World Book dictionary. |
| 260 ## - PUBLICATION, DISTRIBUTION, ETC. (IMPRINT) | |
| Place of publication, distribution, etc. | Chicago : |
| Name of publisher, distributor, etc. | World Book, |
| Date of publication, distribution, etc. | c2003. |
| 300 ## - PHYSICAL DESCRIPTION | |
| Extent | 1 volume: |
| Other physical details | illustrations; |
| Dimensions | 28 cm. |
| 505 0# - FORMATTED CONTENTS NOTE | |
| Formatted contents note | v. 1. A-K -- v. 2. L-Z. |
| 650 #0 - SUBJECT ADDED ENTRY--TOPICAL TERM | |
| Topical term or geographic name as entry element | English language |
| Form subdivision | Dictionaries. |
| 710 2# - ADDED ENTRY--CORPORATE NAME | |
| Corporate name or jurisdiction name as entry element | World Book, Inc. |
| 906 ## - LOCAL DATA ELEMENT F, LDF (RLIN) | |
| a | 7 |
| b | cbc |
| c | orignew |
| d | 1 |
| e | ocip |
| f | 20 |
| g | y-gencatlg |
| 942 ## - ADDED ENTRY ELEMENTS (KOHA) | |
| Source of classification or shelving scheme | Dewey Decimal Classification |
| Koha item type | Reference |
| Withdrawn status | Lost status | Source of classification or shelving scheme | Materials specified (bound volume or other part) | Damaged status | Not for loan | Collection code | Home library | Current library | Date acquired | Total Checkouts | Full call number | Barcode | Date last seen | Copy number | Price effective from | Koha item type |
|---|---|---|---|---|---|---|---|---|---|---|---|---|---|---|---|---|
| Dewey Decimal Classification | Vol. 2 | Reference | UM Digos College - LIC | UM Digos College - LIC | 12/18/2003 | DRef 423 W89 2003 | 16414 | 05/15/2025 | 2 | 11/19/2016 | Reference | |||||
| Dewey Decimal Classification | Vol. 1 | Reference | UM Digos College - LIC | UM Digos College - LIC | 12/18/2003 | DRef 423 W89 2003 | 16413 | 05/15/2025 | 1 | 12/13/2016 | Reference |
